| 000 | 00547nam a2200121Ia 4500 | ||
|---|---|---|---|
| 008 | 220217s9999 xx 000 0 und d | ||
| 245 | 0 | _aPlastics/ rubber- Polymer dispersions and rubber latices (natural and synthetic- Determination of residual monomers and other organic components by capillary-column gas chromatography. Part 2. Headspace method | |
| 260 | _aSwitzerland | ||
| 260 |
_c1998 _bInternational Organization for Standardization |
||
| 500 | _aStandard number: ISO 13741-2 | ||
| 650 | _aPlastics/rubber-polymer dispersions | ||
| 942 | _cST | ||
| 999 |
_c74006 _d74006 |
||